[Event "Dearborn Fall op 3rd"]
[Site "Dearborn"]
[Date "2013.10.27"]
[Round "9"]
[White "Molner, Mackenzie"]
[Black "Friedel, Joshua E"]
[Result "1-0"]
[WhiteElo "2493"]
[BlackElo "2498"]
[PlyCount "75"]
[EventDate "2013.10.23"]
[EventType "swiss"]
[EventRounds "9"]
[EventCountry "USA"]
[SourceTitle "EXT 2015"]
[Source "ChessBase"]
[SourceDate "2014.11.20"]

1. d4 Nf6 2. c4 e6 3. Nf3 b6 4. g3 Bb7 5. Bg2 Be7 6. O-O O-O 7. Re1 Na6 8. Nc3
Ne4 9. Nxe4 Bxe4 10. Ne5 Bxg2 11. Kxg2 c5 12. d5 Bf6 13. Ng4 exd5 14. Qxd5 Nb4
15. Qf5 Bd4 16. e3 g6 17. Nh6+ Kg7 18. Qb1 Bf6 19. Ng4 Kg8 20. Nxf6+ Qxf6 21.
Bd2 a5 22. Bc3 Qe6 23. a3 Nc6 24. Qd3 Rfe8 25. Rad1 Rad8 26. Re2 d6 27. Red2
Ne7 28. b3 Nf5 29. a4 h5 30. h3 Qe4+ 31. Qxe4 Rxe4 32. g4 hxg4 33. hxg4 Nh4+
34. Kh3 Nf3 35. Rxd6 Rxd6 36. Rxd6 Kh7 37. Kg3 Ng5 38. Rd8 1-0

[Event "American op 49th"]
[Site "Orange"]
[Date "2013.11.29"]
[Round "3"]
[White "Molner, Mackenzie"]
[Black "Wang, Philip Xiao"]
[Result "1-0"]
[WhiteElo "2516"]
[BlackElo "2396"]
[PlyCount "80"]
[EventDate "2013.11.28"]
[EventType "swiss"]
[EventRounds "8"]
[EventCountry "USA"]
[SourceTitle "EXT 2015"]
[Source "ChessBase"]
[SourceDate "2014.11.20"]

1. e4 e6 2. d4 d5 3. Nd2 c5 4. Ngf3 Nf6 5. e5 Nfd7 6. c3 b6 7. Bb5 Ba6 8. a4
Be7 9. O-O O-O 10. Re1 Qc8 11. Nf1 Nc6 12. Bg5 Re8 13. Bxe7 Nxe7 14. Qe2 Bxb5
15. axb5 c4 16. Ng5 h6 17. Nh3 Nf8 18. g4 g6 19. Ng3 Qd7 20. Kh1 Qxb5 21. Rg1
Nh7 22. Qd2 Kg7 23. f4 Ng8 24. f5 Qd7 25. f6+ Kh8 26. Nf4 g5 27. Ng2 b5 28. Ne1
a5 29. Nf3 b4 30. h4 bxc3 31. bxc3 gxh4 32. Nh5 Reb8 33. g5 Rb3 34. Nxh4 hxg5
35. Rxg5 Rab8 36. Rag1 Rb1 37. Rxg8+ Rxg8 38. Rxb1 Qa4 39. Ng7 Qa3 40. Nf3 a4
1-0

[Event "Bay Area op"]
[Site "Santa Clara"]
[Date "2014.01.02"]
[Round "1"]
[White "Manvelyan, Hayk"]
[Black "Molner, Mackenzie"]
[Result "0-1"]
[WhiteElo "2282"]
[BlackElo "2525"]
[PlyCount "104"]
[EventDate "2014.01.02"]
[EventType "swiss"]
[EventRounds "9"]
[EventCountry "USA"]
[SourceTitle "CBM 158 Extra"]
[Source "ChessBase"]
[SourceDate "2014.02.28"]

1. d4 Nf6 2. c4 g6 3. Nc3 d5 4. Nf3 Bg7 5. e3 O-O 6. Bd2 c5 7. dxc5 Na6 8. cxd5
Nxc5 9. Bc4 a6 10. b4 Nce4 11. Rc1 b5 12. Bb3 Bb7 13. O-O Qd6 14. Nxe4 Nxe4 15.
Qc2 Bxd5 16. Rfd1 Bxb3 17. Qxb3 Rac8 18. Rxc8 Rxc8 19. Bc3 Qc6 20. Bxg7 Kxg7
21. Nd4 Qc4 22. h3 Qxb3 23. axb3 Rc3 24. Ra1 e5 25. Nf3 f6 26. Rxa6 Rxb3 27.
Ra7+ Kg8 28. Ra8+ Kf7 29. Ra7+ Ke6 30. Rxh7 Rb1+ 31. Kh2 Nxf2 32. Rh6 Rh1+ 33.
Kg3 Ne4+ 34. Kh4 g5+ 35. Kh5 Rb1 36. Kg6 Rxb4 37. Rh8 Rb2 38. h4 gxh4 39. Nxh4
b4 40. Rb8 b3 41. Rb5 Nc3 42. Rb6+ Kd5 43. g4 Kc5 44. Rb8 Nb5 45. Rc8+ Kb4 46.
Rc1 Nc3 47. Kxf6 Rc2 48. Rg1 b2 49. g5 Rc1 50. Rg4+ Kc5 51. g6 b1=Q 52. g7 Rf1+
0-1

[Event "Bay Area op"]
[Site "Santa Clara"]
[Date "2014.01.04"]
[Round "4"]
[White "Molner, Mackenzie"]
[Black "Bryant, John Daniel"]
[Result "1-0"]
[WhiteElo "2525"]
[BlackElo "2410"]
[Annotator "Mac"]
[PlyCount "93"]
[EventDate "2014.01.02"]
[EventType "swiss"]
[EventRounds "9"]
[EventCountry "USA"]
[SourceTitle "CBM 158 Extra"]
[Source "ChessBase"]
[SourceDate "2014.02.28"]

1. d4 Nf6 2. c4 c5 3. d5 e6 4. Nc3 exd5 5. cxd5 d6 6. Nf3 g6 7. Nd2 Nbd7 8. e4
Bg7 9. Be2 O-O 10. O-O Re8 11. a4 Ne5 12. Re1 g5 13. Nf1 h6 14. Ng3 a6 15. h3
Bd7 16. f4 gxf4 17. Bxf4 Kh7 18. Rf1 Re7 19. Qc2 Qc7 20. Rf2 Rg8 21. Raf1 Bc8
22. Nd1 Ng6 23. Ne3 Ne8 24. Nef5 Nxf4 25. Rxf4 Bxf5 26. Nxf5 Re5 27. Ne3 (27.
Nxh6 Kxh6 28. Rh4+ Kg6 29. Bh5+ Rxh5 30. e5+ Kh6 31. Rxh5+ Kxh5 32. Rf5+ Kh6
33. Qd2+ Kg6 34. Rg5+) 27... Rf8 28. Ng4 Qe7 29. Nxe5 Bxe5 30. Rg4 Nf6 31. Rh4
Kg7 32. Qd3 Rh8 33. b3 Kf8 34. Kh1 Ke8 35. Qd2 h5 36. Qg5 Kd8 37. Bxh5 Kc7 38.
Be2 Rg8 39. Qf5 Rg7 40. Rh8 Kb6 41. Ra8 Ka5 42. b4+ Kxa4 43. bxc5 dxc5 44. Rb1
Rg8 45. Qf3 c4 46. Bxc4 Rxa8 47. Qb3+ 1-0

[Event "Bay Area op"]
[Site "Santa Clara"]
[Date "2014.01.05"]
[Round "5"]
[White "Gao, Rui"]
[Black "Molner, Mackenzie"]
[Result "0-1"]
[WhiteElo "2454"]
[BlackElo "2525"]
[PlyCount "54"]
[EventDate "2014.01.02"]
[EventType "swiss"]
[EventRounds "9"]
[EventCountry "USA"]
[SourceTitle "CBM 158 Extra"]
[Source "ChessBase"]
[SourceDate "2014.02.28"]

1. e4 c5 2. Nf3 d6 3. d4 cxd4 4. Nxd4 Nf6 5. Nc3 a6 6. Bg5 Nbd7 7. Qe2 e6 8. f4
Qc7 9. O-O-O b5 10. a3 Bb7 11. g4 Rc8 12. Bxf6 gxf6 13. h4 Nb6 14. Kb1 h6 15.
Rh3 Rg8 16. g5 hxg5 17. hxg5 fxg5 18. Rh7 gxf4 19. Nxe6 Qe7 20. Bh3 Rxc3 21.
bxc3 Na4 22. Rd3 Rg1+ 23. Ka2 d5 24. c4 bxc4 25. Nxf8 Qe5 26. c3 cxd3 27. Qxd3
Kxf8 0-1

[Event "Bay Area op"]
[Site "Santa Clara"]
[Date "2014.01.07"]
[Round "8"]
[White "Friedel, Joshua E"]
[Black "Molner, Mackenzie"]
[Result "1/2-1/2"]
[WhiteElo "2490"]
[BlackElo "2525"]
[PlyCount "100"]
[EventDate "2014.01.02"]
[EventType "swiss"]
[EventRounds "9"]
[EventCountry "USA"]
[SourceTitle "CBM 158 Extra"]
[Source "ChessBase"]
[SourceDate "2014.02.28"]

1. Nf3 Nf6 2. g3 b6 3. Bg2 Bb7 4. O-O g6 5. d3 Bg7 6. e4 d6 7. Nh4 e5 8. f4 O-O
9. Nc3 Nc6 10. f5 Nd4 11. Bg5 h6 12. Bxf6 Bxf6 13. fxg6 Bxh4 14. gxf7+ Rxf7 15.
Rxf7 Kxf7 16. Qh5+ Kg7 17. gxh4 Qe8 18. Qg4+ Qg6 19. Qxg6+ Kxg6 20. Rf1 Nxc2
21. h5+ Kg7 22. Nb5 Nd4 23. Nxd4 exd4 24. Rf3 Rf8 25. Rg3+ Kh7 26. Bh3 Bc8 27.
Bxc8 Rxc8 28. Kf2 Rf8+ 29. Ke2 Rf4 30. Rh3 a5 31. a4 Kg7 32. Rg3+ Kf7 33. Rg6
Rf6 34. Rg4 Re6 35. Kd2 Re5 36. Rh4 Kf6 37. Rf4+ Kg5 38. Rf7 Rc5 39. Rh7 Kxh5
40. h4 Kg6 41. Rd7 Kf6 42. Rh7 h5 43. Kd1 Ke5 44. Rxh5+ Kf4 45. Rd5 Rxd5 46.
exd5 Kg4 47. Ke2 Kxh4 48. Kf3 Kg5 49. Ke4 Kf6 50. Kxd4 Ke7 1/2-1/2

[Event "Bay Area op"]
[Site "Santa Clara"]
[Date "2014.01.08"]
[Round "9"]
[White "Molner, Mackenzie"]
[Black "Abrahamyan, Tatev"]
[Result "1-0"]
[WhiteElo "2525"]
[BlackElo "2356"]
[PlyCount "63"]
[EventDate "2014.01.02"]
[EventType "swiss"]
[EventRounds "9"]
[EventCountry "USA"]
[SourceTitle "CBM 158 Extra"]
[Source "ChessBase"]
[SourceDate "2014.02.28"]

1. d4 Nf6 2. c4 e6 3. Nf3 c5 4. d5 d6 5. Nc3 exd5 6. cxd5 g6 7. Nd2 Bg7 8. e4
O-O 9. Be2 Na6 10. O-O Nc7 11. Re1 Rb8 12. a4 b6 13. h3 Re8 14. Bb5 Re7 15. Bc6
a6 16. Nf3 Nfe8 17. Bg5 f6 18. Bf4 b5 19. axb5 axb5 20. b4 cxb4 21. Na2 Na6 22.
Rb1 h6 23. Nxb4 Nec7 24. Nd3 f5 25. e5 g5 26. Nxg5 hxg5 27. Bxg5 Bb7 28. Nf4
Bxc6 29. dxc6 Bxe5 30. Ng6 Bh2+ 31. Kxh2 Rxe1 32. Qb3+ 1-0

[Event "Budapest Spring op 30th"]
[Site "Budapest"]
[Date "2014.03.14"]
[Round "1"]
[White "Heyl, Thomas"]
[Black "Molner, Mackenzie"]
[Result "0-1"]
[WhiteElo "1999"]
[BlackElo "2528"]
[PlyCount "148"]
[EventDate "2014.03.14"]
[EventType "swiss"]
[EventRounds "9"]
[EventCountry "HUN"]
[SourceTitle "CBM 159 Extra"]
[Source "ChessBase"]
[SourceDate "2014.04.24"]

1. c4 e5 2. g3 Nc6 3. Nc3 Nf6 4. Bg2 Bc5 5. Nf3 d6 6. O-O O-O 7. a3 a6 8. b4
Ba7 9. Bb2 Bf5 10. d3 Qd7 11. Rc1 Bh3 12. e3 Bxg2 13. Kxg2 Rfe8 14. d4 exd4 15.
exd4 Qf5 16. c5 Rad8 17. b5 axb5 18. Nxb5 Bb8 19. Qc2 Qd5 20. Rfe1 Ne4 21. Qc4
Qxc4 22. Rxc4 d5 23. Rc2 Na5 24. Rce2 Nc4 25. Bc1 c6 26. Nc3 f5 27. Nd2 Ncxd2
28. Bxd2 Kf7 29. Nxe4 Rxe4 30. f3 Rxe2+ 31. Rxe2 Bc7 32. Bg5 Rd7 33. Rb2 Ba5
34. Bd2 Bd8 35. Kf2 Bf6 36. Ke3 g5 37. h3 h5 38. Kd3 Kg6 39. Ba5 Rh7 40. Bd2 g4
41. fxg4 fxg4 42. hxg4 hxg4 43. a4 Rh3 44. Bf4 Bg5 45. Be5 Bh4 46. Rxb7 Bxg3
47. Bxg3 Rxg3+ 48. Ke2 Ra3 49. Rb6 Rxa4 50. Ke3 Kf5 51. Rxc6 Ra3+ 52. Kf2 Ra2+
53. Kg3 Ra3+ 54. Kf2 g3+ 55. Kg2 Ke4 56. Rg6 Kxd4 57. c6 Rc3 58. Re6 Rc5 59.
Kxg3 Kc3 60. Re1 Kd2 61. Re5 Rc3+ 62. Kf2 d4 63. Re2+ Kd3 64. Re6 Rc5 65. Ke1
Kc2 66. Re2+ Kc3 67. Re6 d3 68. c7 Kc2 69. Rd6 Rxc7 70. Rd8 Re7+ 71. Kf2 Kd2
72. Rf8 Kd1 73. Ra8 d2 74. Rf8 Rc7 0-1

[Event "Budapest Spring op 30th"]
[Site "Budapest"]
[Date "2014.03.15"]
[Round "2"]
[White "Molner, Mackenzie"]
[Black "Boguszlavszkij, Jevgenyij"]
[Result "1-0"]
[WhiteElo "2528"]
[BlackElo "2224"]
[PlyCount "81"]
[EventDate "2014.03.14"]
[EventType "swiss"]
[EventRounds "9"]
[EventCountry "HUN"]
[SourceTitle "CBM 159 Extra"]
[Source "ChessBase"]
[SourceDate "2014.04.24"]

1. e4 g6 2. d4 Bg7 3. c4 d6 4. Nc3 Nd7 5. Nf3 e5 6. Be2 exd4 7. Nxd4 Ngf6 8.
O-O O-O 9. Be3 Re8 10. f3 Nf8 11. Qd2 Ne6 12. Rad1 Qe7 13. Nc2 a5 14. Na3 b6
15. Nab5 Bb7 16. Rfe1 Rac8 17. Bf1 Qf8 18. a3 h5 19. Nd5 Kh7 20. Nbc3 Nd7 21.
b4 axb4 22. axb4 Qh8 23. Nb5 Ba6 24. Qa2 Bxb5 25. cxb5 Ra8 26. Qd2 Ra7 27. Rc1
Rea8 28. Bc4 Ne5 29. Be2 Qd8 30. f4 Ng4 31. Bxg4 hxg4 32. f5 Ra2 33. Qd1 Qh4
34. Rf1 Be5 35. Nf4 gxf5 36. exf5 Nxf4 37. Bxf4 R8a7 38. Bxe5 dxe5 39. Qd5 Kg8
40. Qxe5 Rd2 41. Qe8+ 1-0

[Event "Budapest Spring op 30th"]
[Site "Budapest"]
[Date "2014.03.16"]
[Round "3"]
[White "Bach, Matthias"]
[Black "Molner, Mackenzie"]
[Result "1/2-1/2"]
[WhiteElo "2234"]
[BlackElo "2528"]
[PlyCount "80"]
[EventDate "2014.03.14"]
[EventType "swiss"]
[EventRounds "9"]
[EventCountry "HUN"]
[SourceTitle "CBM 159 Extra"]
[Source "ChessBase"]
[SourceDate "2014.04.24"]

1. d4 Nf6 2. c4 b6 3. Nf3 Bb7 4. e3 e6 5. Bd3 d5 6. cxd5 exd5 7. O-O Bd6 8. Nc3
O-O 9. Qc2 Nc6 10. a3 Re8 11. b4 a6 12. Bb2 Ne7 13. Ne5 c5 14. f4 cxb4 15. axb4
Bxb4 16. Qb3 Bd6 17. Na4 b5 18. Ba3 Rc8 19. Nc5 Bxc5 20. Bxc5 Nc6 21. Qa2 g6
22. Qf2 Ne4 23. Bxe4 dxe4 24. f5 Nxe5 25. dxe5 Rxc5 26. fxg6 fxg6 27. Qf7+ Kh8
28. Qxb7 Rcxe5 29. Rxa6 Qc8 30. Ra7 Qxb7 31. Rxb7 R8e7 32. Rb8+ Re8 33. Rb7
R8e7 34. Rb8+ Kg7 35. Rb1 Rd7 36. R8xb5 Rxb5 37. Rxb5 Kf6 38. Kf2 Rd2+ 39. Kf1
g5 40. h4 gxh4 1/2-1/2

[Event "Budapest Spring op 30th"]
[Site "Budapest"]
[Date "2014.03.17"]
[Round "4"]
[White "Molner, Mackenzie"]
[Black "House, Glenn"]
[Result "1-0"]
[WhiteElo "2528"]
[BlackElo "2204"]
[PlyCount "65"]
[EventDate "2014.03.14"]
[EventType "swiss"]
[EventRounds "9"]
[EventCountry "HUN"]
[SourceTitle "CBM 159 Extra"]
[Source "ChessBase"]
[SourceDate "2014.04.24"]

1. e4 c5 2. Nf3 e6 3. d4 cxd4 4. Nxd4 Nf6 5. Nc3 d6 6. g4 h6 7. h4 Nc6 8. Rg1
h5 9. gxh5 Nxh5 10. Bg5 Nf6 11. Nxc6 bxc6 12. Qf3 Qb6 13. O-O-O Nd7 14. Qg3 Rb8
15. b3 Qa5 16. Kb1 Qc7 17. Be2 a5 18. h5 Rb4 19. Bc1 Nf6 20. h6 gxh6 21. a3 Rb8
22. Qh4 Be7 23. Bg5 Ng8 24. Bxe7 Qxe7 25. Qg3 Nf6 26. Rxd6 e5 27. Rxc6 Rg8 28.
Qxg8+ Nxg8 29. Rxg8+ Kd7 30. Rc7+ Kxc7 31. Nd5+ Kd6 32. Nxe7 Kxe7 33. Bg4 1-0

[Event "Budapest Spring op 30th"]
[Site "Budapest"]
[Date "2014.03.18"]
[Round "5"]
[White "Farkas, Richard"]
[Black "Molner, Mackenzie"]
[Result "1/2-1/2"]
[WhiteElo "2191"]
[BlackElo "2528"]
[PlyCount "107"]
[EventDate "2014.03.14"]
[EventType "swiss"]
[EventRounds "9"]
[EventCountry "HUN"]
[SourceTitle "CBM 159 Extra"]
[Source "ChessBase"]
[SourceDate "2014.04.24"]

1. d4 Nf6 2. c4 g6 3. Nc3 d5 4. Nf3 Bg7 5. Bg5 Ne4 6. Bf4 Nxc3 7. bxc3 c5 8. e3
O-O 9. cxd5 cxd4 10. cxd4 Qxd5 11. Qd2 Nc6 12. Rc1 Bf5 13. Bc4 Qa5 14. Qxa5
Nxa5 15. Be2 Rfc8 16. O-O Be6 17. a3 Bc4 18. Bxc4 Nxc4 19. Rc3 Rc6 20. Rb1 b6
21. a4 Rac8 22. Rbc1 e5 23. dxe5 Nxe5 24. Rxc6 Rxc6 25. Rxc6 Nxc6 26. Kf1 Nb4
27. Bb8 a6 28. Ba7 Nd5 29. e4 Nc3 30. Bxb6 Nxa4 31. Bd4 Nc3 32. e5 Nd5 33. g3
Kf8 34. Ke2 Ke7 35. Kd3 f6 36. Kc4 Ke6 37. exf6 Bxf6 38. Bxf6 Nxf6 39. Nd4+ Ke5
40. f3 Nd5 41. f4+ Ke4 42. Ne6 Ne3+ 43. Kb4 Kf5 44. Nf8 h6 45. h3 Kf6 46. Ka5
Nd1 47. g4 Kg7 48. Nxg6 Kxg6 49. h4 Ne3 50. h5+ Kh7 51. g5 Nd5 52. Kxa6 Nxf4
53. gxh6 Kxh6 54. Kb5 1/2-1/2

[Event "Budapest Spring op 30th"]
[Site "Budapest"]
[Date "2014.03.19"]
[Round "6"]
[White "Molner, Mackenzie"]
[Black "Balint, Vilmos"]
[Result "1-0"]
[WhiteElo "2528"]
[BlackElo "2246"]
[PlyCount "77"]
[EventDate "2014.03.14"]
[EventType "swiss"]
[EventRounds "9"]
[EventCountry "HUN"]
[SourceTitle "CBM 159 Extra"]
[Source "ChessBase"]
[SourceDate "2014.04.24"]

1. d4 d5 2. c4 c6 3. Nc3 Nf6 4. Nf3 e6 5. Bg5 Nbd7 6. e3 Qa5 7. Nd2 dxc4 8.
Bxf6 Nxf6 9. Nxc4 Qd8 10. Qc2 Be7 11. Rd1 O-O 12. Bd3 Qc7 13. e4 b5 14. Ne3 e5
15. d5 Bc5 16. O-O Bxe3 17. fxe3 Ng4 18. Qc1 Qb6 19. Rf3 f5 20. dxc6 Qxc6 21.
exf5 Bb7 22. Be4 Qh6 23. Rh3 Qa6 24. Nd5 Rf7 25. Nb4 Qb6 26. Bd5 Bxd5 27. Nxd5
Qa5 28. Qc6 Raf8 29. Qe6 Kh8 30. Ne7 Rd8 31. Rf1 Rxe7 32. Qxe7 Qb6 33. Rg3 h5
34. f6 gxf6 35. Rh3 Nxe3 36. Rxh5+ Kg8 37. Qh7+ Kf8 38. Qh8+ Ke7 39. Qg7+ 1-0

[Event "Budapest Spring op 30th"]
[Site "Budapest"]
[Date "2014.03.20"]
[Round "7"]
[White "Nguyen, Thi Mai Hung"]
[Black "Molner, Mackenzie"]
[Result "0-1"]
[WhiteElo "2261"]
[BlackElo "2528"]
[PlyCount "78"]
[EventDate "2014.03.14"]
[EventType "swiss"]
[EventRounds "9"]
[EventCountry "HUN"]
[SourceTitle "CBM 159 Extra"]
[Source "ChessBase"]
[SourceDate "2014.04.24"]

1. d4 Nf6 2. Bf4 g6 3. e3 Bg7 4. Nf3 O-O 5. Be2 d6 6. c3 b6 7. O-O Bb7 8. h3
Nbd7 9. a4 a5 10. Na3 Ne4 11. Nc4 f5 12. Qc2 e6 13. Bh2 Ng5 14. Ncd2 e5 15.
Rfd1 Nxf3+ 16. Nxf3 Qe7 17. dxe5 Nxe5 18. Nxe5 Bxe5 19. Bxe5 Qxe5 20. Rd4 Rae8
21. Qd1 f4 22. Bc4+ Kg7 23. exf4 Rxf4 24. Rxf4 Qxf4 25. Qd4+ Qxd4 26. cxd4 Re4
27. Rd1 c5 28. b3 Rxd4 29. Re1 Be4 30. f3 d5 31. Bb5 Bc2 32. Re7+ Kf8 33. Rb7
Bxb3 34. Rxb6 Bxa4 35. Bf1 c4 36. Kf2 c3 37. Ke3 c2 38. Rb8+ Ke7 39. Rc8 Rd1
0-1

[Event "Budapest Spring op 30th"]
[Site "Budapest"]
[Date "2014.03.21"]
[Round "8"]
[White "Molner, Mackenzie"]
[Black "Nagy, Ervin"]
[Result "1-0"]
[WhiteElo "2528"]
[BlackElo "2269"]
[PlyCount "113"]
[EventDate "2014.03.14"]
[EventType "swiss"]
[EventRounds "9"]
[EventCountry "HUN"]
[SourceTitle "CBM 159 Extra"]
[Source "ChessBase"]
[SourceDate "2014.04.24"]

1. e4 c5 2. Nf3 d6 3. d4 cxd4 4. Nxd4 Nf6 5. Nc3 e6 6. g4 Be7 7. g5 Nfd7 8. h4
a6 9. Be3 Nc6 10. Qd2 Nde5 11. Be2 O-O 12. f4 Nxd4 13. Bxd4 Nc6 14. Be3 b5 15.
O-O-O b4 16. Na4 Qa5 17. b3 Rb8 18. h5 Rd8 19. g6 h6 20. gxf7+ Kxf7 21. Bc4 Bf6
22. Qg2 Ne7 23. Qf2 Ke8 24. Bb6 Rxb6 25. Qxb6 Qxb6 26. Nxb6 Bb7 27. Rhe1 e5 28.
f5 Nc6 29. Bd5 Bg5+ 30. Kb2 Na5 31. a3 bxa3+ 32. Kxa3 Ke7 33. Bxb7 Nxb7 34. b4
a5 35. c3 Rb8 36. Nd5+ Kd7 37. Kb3 Nd8 38. Ra1 Nc6 39. Kc4 axb4 40. cxb4 Rb7
41. Ra8 Ne7 42. Nxe7 Kxe7 43. b5 d5+ 44. exd5 Rc7+ 45. Kd3 Kd6 46. b6 Rb7 47.
Rb1 Kxd5 48. Ra5+ Kc6 49. Rxe5 Rd7+ 50. Kc4 Bf6 51. Rc5+ Kb7 52. Rc7+ Rxc7+ 53.
bxc7+ Kxc7 54. Kd5 Kd8 55. Ke6 Kc7 56. Rg1 Kc6 57. Rc1+ 1-0

[Event "Budapest Spring op 30th"]
[Site "Budapest"]
[Date "2014.03.22"]
[Round "9"]
[White "Szalanczy, Emil"]
[Black "Molner, Mackenzie"]
[Result "1/2-1/2"]
[WhiteElo "2240"]
[BlackElo "2528"]
[PlyCount "52"]
[EventDate "2014.03.14"]
[EventType "swiss"]
[EventRounds "9"]
[EventCountry "HUN"]
[SourceTitle "CBM 159 Extra"]
[Source "ChessBase"]
[SourceDate "2014.04.24"]

1. e4 c5 2. Nf3 d6 3. d4 cxd4 4. Nxd4 Nf6 5. Nc3 a6 6. Be3 Ng4 7. Bc1 Nc6 8.
Qd2 g6 9. Nxc6 bxc6 10. Qd4 e5 11. Qd3 Be7 12. Be2 O-O 13. O-O Be6 14. h3 Nf6
15. Bh6 Re8 16. Rad1 Nd7 17. Bg4 Nc5 18. Qf3 Qb6 19. b3 Rad8 20. Rd2 Qb4 21.
Rfd1 a5 22. g3 Bxg4 23. hxg4 a4 24. Kg2 axb3 25. axb3 Ne6 26. Qd3 Ra8 1/2-1/2

[Event "USA-ch"]
[Site "Saint Louis"]
[Date "2014.05.10"]
[Round "3"]
[White "Friedel, Joshua E"]
[Black "Molner, Mackenzie"]
[Result "1/2-1/2"]
[WhiteElo "2505"]
[BlackElo "2522"]
[PlyCount "69"]
[EventDate "2014.05.08"]
[EventType "tourn"]
[EventRounds "11"]
[EventCountry "USA"]
[EventCategory "15"]
[SourceTitle "CBM 161"]
[Source "ChessBase"]
[SourceDate "2014.07.16"]

1. Nf3 Nf6 2. c4 g6 3. Nc3 d5 4. cxd5 Nxd5 5. Qb3 Nb6 6. d4 Bg7 7. e4 Bg4 8.
Bb5+ c6 9. Ng5 O-O 10. Be2 Bxe2 11. Nxe2 h6 12. Nf3 Na6 13. Be3 Qd6 14. O-O
Rac8 15. Nf4 Kh7 16. Nd3 f5 17. exf5 Rxf5 18. Nc5 Qd5 19. Nxa6 bxa6 20. Rfc1
Qxb3 21. axb3 a5 22. Rc5 Rxc5 23. dxc5 Nd5 24. Bd4 Rb8 25. Bxg7 Kxg7 26. Nd4
Kf6 27. Rxa5 Nb4 28. Kf1 Rd8 29. Nf3 Rd3 30. Rxa7 Rxb3 31. Nd4 Rxb2 32. Rb7 Nd3
33. Rxb2 Nxb2 34. Nxc6 Nd3 35. Ke2 1/2-1/2

[Event "USA-ch"]
[Site "Saint Louis"]
[Date "2014.05.11"]
[Round "4"]
[White "Molner, Mackenzie"]
[Black "Gareev, Timur"]
[Result "0-1"]
[WhiteElo "2522"]
[BlackElo "2653"]
[PlyCount "136"]
[EventDate "2014.05.08"]
[EventType "tourn"]
[EventRounds "11"]
[EventCountry "USA"]
[EventCategory "15"]
[SourceTitle "CBM 161"]
[Source "ChessBase"]
[SourceDate "2014.07.16"]

1. e4 e5 2. Nf3 Nc6 3. Bb5 f5 4. d3 fxe4 5. dxe4 Nf6 6. O-O Bc5 7. Bg5 d6 8.
Nc3 O-O 9. Na4 Bb6 10. Nxb6 axb6 11. Qd3 h6 12. Bh4 Qe8 13. Nd2 Nh5 14. Bg3 Be6
15. Bc4 Qf7 16. Bxe6 Qxe6 17. Nc4 Nb4 18. Qb3 Na6 19. Ne3 Nc5 20. Qxe6+ Nxe6
21. f3 b5 22. a3 Nhf4 23. Rfd1 Ne2+ 24. Kf1 N2d4 25. c3 Nb3 26. Rab1 Nec5 27.
Ke2 Kf7 28. Bf2 Ke6 29. Nf5 Rf7 30. Be3 h5 31. h4 g6 32. Ng3 Kd7 33. Nh1 Kc6
34. Nf2 b6 35. Rg1 Na4 36. Nd3 Na5 37. Rbf1 Nc4 38. Bc1 Nc5 39. Rd1 Kb7 40. Rh1
Nb3 41. Rdg1 Rd8 42. Bg5 Rdd7 43. Rb1 Rf8 44. Rhd1 Ra8 45. Kf2 Rf7 46. Ke2 Nc5
47. Be3 Ne6 48. Rbc1 Rg8 49. Rh1 Re8 50. Rc2 Nc5 51. Nb4 Ra8 52. Bc1 Nb3 53.
Bg5 Nc5 54. Bc1 Ne6 55. Kf2 Rg8 56. Rh2 Nc5 57. Ke2 Re8 58. Rh1 Rd7 59. Bg5 Ne6
60. Bc1 c6 61. Rd1 Nc7 62. Bg5 d5 63. exd5 c5 64. Nd3 Nxd5 65. Kf2 e4 66. Nc1
Kc6 67. Re2 Re6 68. Kg3 Nxc3 0-1

[Event "USA-ch"]
[Site "Saint Louis"]
[Date "2014.05.14"]
[Round "7"]
[White "Erenburg, Sergey"]
[Black "Molner, Mackenzie"]
[Result "1/2-1/2"]
[WhiteElo "2633"]
[BlackElo "2522"]
[PlyCount "80"]
[EventDate "2014.05.08"]
[EventType "tourn"]
[EventRounds "11"]
[EventCountry "USA"]
[EventCategory "15"]
[SourceTitle "CBM 161"]
[Source "ChessBase"]
[SourceDate "2014.07.16"]

1. e4 c5 2. Nf3 d6 3. d4 cxd4 4. Nxd4 Nf6 5. Nc3 a6 6. Be3 Ng4 7. Bg5 h6 8. Bh4
g5 9. Bg3 Bg7 10. h3 Ne5 11. f3 Nbc6 12. Bf2 Be6 13. Qd2 Rc8 14. O-O-O Nxd4 15.
Bxd4 Qa5 16. a3 O-O 17. h4 Nc4 18. Bxc4 Bxd4 19. Qxd4 Rxc4 20. Qe3 Qc5 21. Qxc5
Rxc5 22. hxg5 hxg5 23. Rh6 f6 24. Ne2 Kg7 25. Rdh1 Kf7 26. Nd4 Re5 27. Rh8 Rxh8
28. Rxh8 d5 29. Rh7+ Ke8 30. exd5 Bxd5 31. Kd2 Kd7 32. Rh8 g4 33. b3 gxf3 34.
gxf3 Rg5 35. c4 Rg2+ 36. Ke3 Bg8 37. Ne2 e5 38. f4 b5 39. Kf3 Rg7 40. fxe5 fxe5
1/2-1/2

[Event "USA-ch"]
[Site "Saint Louis"]
[Date "2014.05.18"]
[Round "10"]
[White "Molner, Mackenzie"]
[Black "Lenderman, Aleksandr"]
[Result "1/2-1/2"]
[WhiteElo "2522"]
[BlackElo "2582"]
[PlyCount "94"]
[EventDate "2014.05.08"]
[EventType "tourn"]
[EventRounds "11"]
[EventCountry "USA"]
[EventCategory "15"]
[SourceTitle "CBM 161"]
[Source "ChessBase"]
[SourceDate "2014.07.16"]

1. e4 e6 2. d4 d5 3. Nd2 c5 4. exd5 Qxd5 5. Ngf3 cxd4 6. Bc4 Qd8 7. O-O Nc6 8.
Nb3 a6 9. Nbxd4 Nxd4 10. Nxd4 Qc7 11. Bd3 Bd6 12. g3 Nf6 13. c3 O-O 14. Bg5 Be7
15. Re1 Rd8 16. Qf3 Qc5 17. h4 h6 18. Be3 Qd5 19. Bc2 e5 20. Bb3 Qd7 21. Nc2
Qc7 22. Qe2 Bf5 23. Rad1 Rxd1 24. Rxd1 Re8 25. Ne1 b5 26. c4 e4 27. Qc2 b4 28.
c5 Ng4 29. Qc4 Be6 30. Qxe4 Nxe3 31. Qxe3 Bxc5 32. Qf3 Bxb3 33. axb3 Bf8 34.
Kg2 a5 35. Qd3 Rc8 36. Nf3 Be7 37. Qf5 Bf6 38. Rd5 Qc2 39. Rxa5 Qxf5 40. Rxf5
Bxb2 41. Rb5 Bc3 42. Ne5 Ra8 43. Nd3 Ra3 44. Nxb4 Rxb3 45. Rb8+ Kh7 46. Nc6
Rxb8 47. Nxb8 h5 1/2-1/2

[Event "USA-ch"]
[Site "Saint Louis"]
[Date "2014.05.19"]
[Round "11"]
[White "Naroditsky, Daniel"]
[Black "Molner, Mackenzie"]
[Result "1-0"]
[WhiteElo "2543"]
[BlackElo "2522"]
[PlyCount "71"]
[EventDate "2014.05.08"]
[EventType "tourn"]
[EventRounds "11"]
[EventCountry "USA"]
[EventCategory "15"]
[SourceTitle "CBM 161"]
[Source "ChessBase"]
[SourceDate "2014.07.16"]

1. e4 c5 2. Nf3 d6 3. Bb5+ Nd7 4. d4 Ngf6 5. e5 Qa5+ 6. Nc3 Ne4 7. Rb1 a6 8.
Bxd7+ Bxd7 9. O-O d5 10. Nxd5 e6 11. Qe1 Qd8 12. Nf4 Bc6 13. Qe3 Qc7 14. c4
cxd4 15. Nxd4 a5 16. b3 Bc5 17. f3 O-O-O 18. Bb2 Qxe5 19. Rbd1 Qg5 20. fxe4 e5
21. h4 Qh6 22. Qh3+ Bd7 23. Qc3 Bxd4+ 24. Rxd4 exd4 25. Qxd4 Bc6 26. Nd5 Qe6
27. Bc1 Bxd5 28. cxd5 Qg6 29. Qc5+ Kb8 30. Bf4+ Ka8 31. Bc7 b6 32. Bxb6 Rd7 33.
Qxa5+ Kb8 34. Rc1 Qg3 35. Bf2 Qe5 36. Rc3 1-0